000 01607nam a22002537a 4500
001 9656
003 FISKH
005 20260128100519.0
008 260128b cb ||||| |||| 00| 0 eng d
020 _a9781526617170
040 _aFISKH
_beng
_cFISKH
_dFISKH
050 _aPZ7 .M111575
082 _a813.6
100 _aMaas, Sarah J.
245 _aA court of wings and ruin /
_cSarah J. Maas
250 _aThis edition published in 2023
260 _aLondon :
_bBloomsbury,
_c2017
300 _a703 pages :
_c20 cm
490 _aA Court of Thorns and Roses :
_vBook Three
520 _aby Sarah J. Maas. Feyre has returned to the Spring Court, determined to gather information on Tamlin's actions and learn what she can about the invading king threatening to bring her land to its knees. But to do so she must play a deadly game of deceit. One slip could bring doom not only for Feyre, but for everything-and everyone-she holds dear. As war bears down upon them all, Feyre endeavors to take her place amongst the High Fae of the land, balancing her struggle to master her powers-both magical and political-and her love for her court and family. Amidst these struggles, Feyre and Rhysand must decide whom to trust amongst the cunning and lethal High Lords, and hunt for allies in unexpected places. In this thrilling third book in the #1 New York Times bestselling series from Sarah J. Maas, the fate of Feyre's world is at stake as armies grapple for power over the one thing that could destroy it.
650 _aRomance
_vFiction
_xHigh fantasy
_yMagic
942 _2ddc
_cBK
_n0
999 _c9656
_d9656